00426nam a22001577a 4500003000400000008004100004082001900045100004100064245002900105260006400134300001300198650001800211650001700229650000900246650001300255OSt240816b |||||||| |||| 00| 0 eng d a632.5806bD46A aDirectorate of Weed Science Research aAnnual Report, 2012 - 13 a.- Jabalpurc, 2013b: Directorate of Weed Science Research aix,118p. aAnnual Report aWeed Science aDWSR aJabalpur